000 00855cam a2200241 a 4500
001 000008248
005 20200929161323.0
008 870602q1964 cu b 000 e spa
040 _aDO-SdBNP
_bspa
_cBNPHU
082 _aA868.42
_bM385a
100 1 _aMartínez Estrada, Ezequiel,
_d1895-1964.
_92854
245 1 0 _aAntología /
_cEzequiel Martínez Estrada ; edición César Ramos.
260 _aLa Habana, Cuba :
_bCasa de las Américas,
_c[1964].
300 _axx, 415, [28] p. ;
_c19 cm.
490 1 _aLiteratura latinoamericana
_v115
504 _aIncluye la bibliografía de Ezequiel Martínez Estrada (p. 413-415)
650 4 _aLiteratura argentina
_93860
650 4 _aPoesía argentina
_93859
650 4 _aProsa argentina
_921196
700 1 _aRamos, César,
_eed.
_913341
830 0 _aLiteratura latinoamericana ;
_n115
_922368
049 _aBNGR
999 _c8019
_d8019